| 000 | 00489nam a22001937a 4500 | ||
|---|---|---|---|
| 001 | BT-PhCST | ||
| 003 | BT-PhCST | ||
| 005 | 20190204171102.0 | ||
| 008 | 150416b xxu||||| |||| 00| 0 eng d | ||
| 020 | _a9780596002527 | ||
| 040 |
_aBT-PhCST _cBT-PhCST _dBT-PhCST |
||
| 050 | _aAcc No: D1340 | ||
| 082 |
_222 _a005.72 |
||
| 100 | _aVlist, Eric Van Der | ||
| 245 | _aXML schema / | ||
| 260 |
_aNew Delhi, _bO'Reilly, _c2002. |
||
| 300 |
_axiii, 379p. ; _bill. _c24 cm. |
||
| 942 |
_2ddc _cREF |
||
| 999 |
_c5432 _d5432 |
||